000 00284nam a22001217a 4500
008 170707b xxu||||| |||| 00| 0 eng d
041 _aeng
080 _a05
100 _a22
101 _agjl
245 _aHANDBOOK OF AMERICAN ENGLISH SPELLING
_cDEIGHTON.L.C
942 _2udc
_cBK
999 _c20013
_d20013